000
00262nam a2200097Ia 4500
001
701643
005
20250826162317.0
008
250824s9999 xx 000 0 und d
245
0
_a
KADROCULAR VE KADRO HAREKATI
_c
TEMUÇİN FAİK ERTAN
260
_b
KÜLTÜR BAKANLIĞI
999
_c
701643
_d
701643